Vista normal Vista MARC

Entrada Materia (personas)

Número de registros utilizados en: 1

001 - CONTROL NUMBER

  • control field: 78360

003 - CONTROL NUMBER IDENTIFIER

  • control field: Co-BoUCM

005 - DATE AND TIME OF LATEST TRANSACTION

  • control field: 20160727091001.0

008 - FIXED-LENGTH DATA ELEMENTS

  • fixed length control field: 160727|| aca||aabn | a|a d

040 ## - CATALOGING SOURCE

  • Original cataloging agency: Co-BoUCM
  • Transcribing agency: Co-BoUCM

100 ## - HEADING--PERSONAL NAME

  • Personal name: Saura, Antonio
  • Relator term: ilustrador

670 ## - SOURCE DATA FOUND

  • Source citation: Work cat.: (Co-BoUCM)48200: Orwell, George 1903-1950 39855, Mil novecientos ochenta y cuatro, 1998